Premier League Top Scorers 2017/18 - Statistics

General Stats
  • This quiz has been taken 29 times
  • The average score is 17 of 20
Answer Stats
# Answer Club % Correct
2 Harry Kane Tottenham Hotspur
100%
4 Jamie Vardy Leicester City
100%
1 Mohammed Salah Liverpool
100%
7 Roberto Firmino Liverpool
100%
8 Alexandre Lacazette Arsenal
96%
10 Eden Hazard Chelsea
96%
10 Heung Min Son Tottenham Hotspur
96%
5 Raheem Sterling Manchester City
96%
16 Sadio Mané Liverpool
96%
3 Sergio Agüero Manchester City
96%
6 Romelu Lukaku Manchester United
93%
16 Pierre-Emerick Aubameyang Arsenal
81%
14 Álvaro Morata Chelsea
78%
16 Christian Eriksen Tottenham Hotspur
78%
9 Gabriel Jesus Manchester City
78%
10 Riyad Mahrez Leicester City
70%
14 Marko Arnautovic West Ham United
67%
10 Glenn Murray Brighton
59%
16 Wayne Rooney Everton
37%
16 Luka Milivojevic Crystal Palace
33%
No matching quizzes found
Score Distribution
Percent of People with Each Score
Percentile by Number Answered
Your Score History
You have not taken this quiz